Китай, который потряс мир: пер. с англ.

ग्रंथसूची विवरण
मुख्य लेखक: Киндж Дж. Джеймс
सारांश:«Пусть Китай спит, ибо, когда он проснется, мир будет потрясен», — сказал когда-то Наполеон, и слова его оказались пророческими... Китай проснулся, — и эхо бурного пробуждения все громче отдается по всему миру. Растет китайский экспорт. Финансовые корпорации Запада и Японии инвестируют в китайскую экономику все новые средства. Но дешевизна китайских товаров душит промышленность европейских и даже азиатских конкурентов. Китайские иммигранты отнимают у коренного населения стран, в которые переселяются, все больше рабочих мест. Промышленность Китая оказывает катастрофическое воздействие на экологию всей планеты. Китайское экономическое чудо обходится Западу все дороже.
भाषा:रूसी
प्रकाशित: Москва, АСТ, 2008
श्रृंखला:Philosophy
विषय:
स्वरूप: MixedMaterials पुस्तक
KOHA link:https://koha.lib.tpu.ru/cgi-bin/koha/opac-detail.pl?biblionumber=161462

MARC

LEADER 00000nam0a2200000 4500
001 161462
005 20231101222245.0
010 |a 9785170494255 
010 |a 978-5-9713-9143-2 
035 |a (RuTPU)RU\TPU\book\175081 
090 |a 161462 
100 |a 20090609d2008 km y0rusy50 ca 
101 1 |a rus  |c eng 
102 |a RU 
105 |a y z 000zy 
200 1 |a Китай, который потряс мир  |e пер. с англ.  |f Дж. Киндж 
210 |a Москва  |c АСТ  |c АСТ Москва  |d 2008 
215 |a 351 с. 
225 1 |a Philosophy 
330 |a «Пусть Китай спит, ибо, когда он проснется, мир будет потрясен», — сказал когда-то Наполеон, и слова его оказались пророческими... Китай проснулся, — и эхо бурного пробуждения все громче отдается по всему миру. Растет китайский экспорт. Финансовые корпорации Запада и Японии инвестируют в китайскую экономику все новые средства. Но дешевизна китайских товаров душит промышленность европейских и даже азиатских конкурентов. Китайские иммигранты отнимают у коренного населения стран, в которые переселяются, все больше рабочих мест. Промышленность Китая оказывает катастрофическое воздействие на экологию всей планеты. Китайское экономическое чудо обходится Западу все дороже. 
606 1 |a Китай  |x Экономика  |2 stltpush  |3 (RuTPU)RU\TPU\subj\36265  |9 57705 
610 1 |a бизнес 
610 1 |a управление 
610 1 |a экспорт 
610 1 |a промышленность 
610 1 |a торговля 
610 1 |a конкурентоспособность 
610 1 |a 20 век 
610 1 |a 21 век 
686 |a У9(5Кит)  |v LBC/SL-A  |2 rubbk 
700 1 |a Киндж  |b Дж.  |g Джеймс 
801 1 |a RU  |b 63413507  |c 20090609  |g PSBO 
801 2 |a RU  |b 63413507  |c 20131024  |g RCR 
942 |c BK 
959 |a 66/20090608  |d 1  |e 310,75  |f ЧЗГЛ:1